Reservation policy for backword classes (Record no. 171971)
[ view plain ]
| 000 -LEADER | |
|---|---|
| fixed length control field | 00549nam a2200205Ia 4500 |
| 003 - CONTROL NUMBER IDENTIFIER | |
| control field | OSt |
| 005 - DATE AND TIME OF LATEST TRANSACTION | |
| control field | 20230511140903.0 |
| 008 - FIXED-LENGTH DATA ELEMENTS--GENERAL INFORMATION | |
| fixed length control field | 210423s2000 xx 000 0 und d |
| 040 ## - CATALOGING SOURCE | |
| Transcribing agency | AL |
| 041 ## - LANGUAGE CODE | |
| Language code of text/sound track or separate title | eng |
| 082 ## - DEWEY DECIMAL CLASSIFICATION NUMBER | |
| Classification number | 305.56 |
| Edition number | 23 |
| Item number | SINR |
| 100 ## - MAIN ENTRY--PERSONAL NAME | |
| Personal name | SINGH (S N) |
| 9 (RLIN) | 103075 |
| 245 ## - TITLE STATEMENT | |
| Title | Reservation policy for backword classes |
| 260 ## - PUBLICATION, DISTRIBUTION, ETC. | |
| Place of publication, distribution, etc. | Kottaym |
| Name of publisher, distributor, etc. | Allied Publishers |
| Date of publication, distribution, etc. | 2000 |
| 365 ## - TRADE PRICE | |
| Price amount | 450 |
| Currency code | INR |
| 650 ## - SUBJECT ADDED ENTRY--TOPICAL TERM | |
| Topical term or geographic name entry element | Social Classes |
| 9 (RLIN) | 103076 |
| 650 ## - SUBJECT ADDED ENTRY--TOPICAL TERM | |
| Topical term or geographic name entry element | Sociology |
| 9 (RLIN) | 103077 |
| 906 ## - LOCAL DATA ELEMENT F, LDF (RLIN) | |
| a | backword ; classes ; policy ; Reservation |
| 942 ## - ADDED ENTRY ELEMENTS (KOHA) | |
| Source of classification or shelving scheme | Dewey Decimal Classification |
| Koha item type | Book |
| Withdrawn status | Lost status | Damaged status | Not for loan | Collection code | Home library | Current library | Date acquired | Source of acquisition | Cost, normal purchase price | Total Checkouts | Full call number | Barcode | Date last seen | Date last checked out | Price effective from | Koha item type |
|---|---|---|---|---|---|---|---|---|---|---|---|---|---|---|---|---|
| MSW | St Aloysius PG Library | St Aloysius PG Library | 11/06/2001 | Book World | 450.00 | 1 | 305.56 SINR | PG018508 | 12/09/2025 | 12/02/2025 | 04/26/2021 | Book |